Statistics for Biggest European Cities by Letter - E

Click here to take the quiz!

General Stats

  • This quiz has been taken 48 times
  • The average score is 6 of 20

Answer Stats

Rank Population Country Hint City % Correct
2481,000United KingdomCapital of ScotlandEdinburgh
98%
1583,000GermanyZeche ZollvereinEssen
89%
5227,000NetherlandsPhilipsEindhoven
68%
3275,000FinlandSuburb of HelsinkiEspoo
45%
4228,000SpainCosta BlancaElche
34%
10113,000United KingdomBeach town with Victorian hotelsEastbourne
32%
12108,000NetherlandsNortheast NetherlandsEmmen
32%
9122,000United KingdomCity in Devon, Motto: Semper fidelisExeter
30%
7158,000NetherlandsFireworks disasterEnschede
27%
6210,000GermanyKrämerbrückeErfurt
18%
1975,000United KingdomScotland's first new townEast Kilbride
18%
13108,000GermanyBavarian city near NurembergErlangen
16%
1689,000SpainFruits and vegetablesEl Ejido
14%
1880,000United KingdomHampshire town near SouthamptonEastleigh
14%
11113,000Netherlands3-Letter locationEde
14%
14104,000SwedenLarge Sweden Finn populationEskilstuna
14%
8122,000PolandWas part of the Hanseatic LeagueElbląg
14%
2072,000DenmarkWest JutlandEsbjerg
14%
1788,000Spain"The Port of Saint Mary", in SpanishEl Puerto de Santa María
11%
1591,000GermanyStuttgart suburbEsslingen am Neckar
9%

Score Distribution

Percentile by Number Answered

Percent of People with Each Score

Your Score History

You have not taken this quiz